<?xml version="1.0" encoding="UTF-8"?><?xml-stylesheet type="text/xsl" href="static/style.xsl"?><OAI-PMH xmlns="http://www.openarchives.org/OAI/2.0/" xmlns:xsi="http://www.w3.org/2001/XMLSchema-instance" xsi:schemaLocation="http://www.openarchives.org/OAI/2.0/ http://www.openarchives.org/OAI/2.0/OAI-PMH.xsd"><responseDate>2026-06-29T02:27:50Z</responseDate><request verb="GetRecord" identifier="oai:docta.ucm.es:20.500.14352/125124" metadataPrefix="marc">https://docta.ucm.es/rest/oai/request</request><GetRecord><record><header><identifier>oai:docta.ucm.es:20.500.14352/125124</identifier><datestamp>2025-10-21T00:02:28Z</datestamp><setSpec>com_20.500.14352_14</setSpec><setSpec>col_20.500.14352_15</setSpec></header><metadata><record xmlns="http://www.loc.gov/MARC21/slim" xmlns:dcterms="http://purl.org/dc/terms/" xmlns:xsi="http://www.w3.org/2001/XMLSchema-instance" xmlns:doc="http://www.lyncode.com/xoai" xsi:schemaLocation="http://www.loc.gov/MARC21/slim http://www.loc.gov/standards/marcxml/schema/MARC21slim.xsd">
   <leader>00925njm 22002777a 4500</leader>
   <datafield ind2=" " ind1=" " tag="042">
      <subfield code="a">dc</subfield>
   </datafield>
   <datafield ind2=" " ind1=" " tag="720">
      <subfield code="a">Insúa Lintridis, Lila</subfield>
      <subfield code="e">author</subfield>
   </datafield>
   <datafield ind2=" " ind1=" " tag="260">
      <subfield code="c">2025-02-04</subfield>
   </datafield>
   <datafield ind2=" " ind1=" " tag="520">
      <subfield code="a">El presente artículo analiza la práctica artística y su materialidad valiéndose del dibujo como herramienta de acercamiento y mediación a la documentación de exposiciones, que entendemos como dispositivos de conocimiento propios de la investigación basada en artes (Sentamans, 2023). La experimentación metodológica –a través del dibujo– que estructura este texto se basa en la formulación material del paper, concibiendo la escritura y la lectura desde un hacer intrínseco. Este proceso expone momentos de la investigación y plantea que el azar participe de ello salvando la distancia entre el decir/pensar/especular/investigar y la práctica artística, sugiriendo una deriva de materiales que devienen cuerpos.</subfield>
   </datafield>
   <datafield ind1="8" ind2=" " tag="024">
      <subfield code="a">Insúa Lintridis, L. (2025). Surcos vibrantes entre la escritura y el dibujo: Una deriva de lecturas como mecanismo de conocimiento en la investigación en artes. Accesos: prácticas artísticas y formas de conocimiento contemporáneas, 8, 28-43.</subfield>
   </datafield>
   <datafield ind1="8" ind2=" " tag="024">
      <subfield code="a">2530-447X</subfield>
   </datafield>
   <datafield ind1="8" ind2=" " tag="024">
      <subfield code="a">2530-4488</subfield>
   </datafield>
   <datafield ind1="8" ind2=" " tag="024">
      <subfield code="a">https://hdl.handle.net/20.500.14352/125124</subfield>
   </datafield>
   <datafield ind1="8" ind2=" " tag="024">
      <subfield code="a">https://www.accesos.info/wp-content/uploads/2025/06/Surcos-vibrantes_Lila-Insua_Accesos_n_8.pdf</subfield>
   </datafield>
   <datafield ind1="8" ind2=" " tag="024">
      <subfield code="a">https://www.accesos.info/subportada-no8/</subfield>
   </datafield>
   <datafield ind2="0" ind1="0" tag="245">
      <subfield code="a">Surcos vibrantes entre la escritura y el dibujo. Una deriva de lecturas como mecanismo de conocimiento en la investigación en artes</subfield>
   </datafield>
</record></metadata></record></GetRecord></OAI-PMH>